Daňové trendy v krajinách EÚ bakalárska práca

Salvato in:
Dettagli Bibliografici
Autore principale: Čimborová, Patrícia
Ente Autore: Národohospodárska fakulta EU. Katedra financií
Altri autori: Repková, Denisa, 1983-
Natura: Libro
Lingua:slovacco
Pubblicazione: Bratislava 2012
Tags: Aggiungi Tag
Nessun Tag, puoi essere il primo ad aggiungerne!!

MARC

LEADER 00000nbm a2200000 4500
001 0155985
005 20161109111930.3
041 0 |a slo 
044 |a SK 
245 1 0 |a Daňové trendy v krajinách EÚ  |b bakalárska práca  |c Patrícia Čimborová ; školiteľ: Denisa Ihnatišinová 
264 1 |a Bratislava  |c 2012 
300 |a 36 s. 
100 1 |a Čimborová, Patrícia 
700 1 |a Repková, Denisa, 1983- 
710 2 |a Národohospodárska fakulta EU. Katedra financií